| 000 | 00400 a2200145 4500 | ||
|---|---|---|---|
| 082 | _a297.092 | ||
| 090 |
_c3123 _d3123 |
||
| 100 | _aShah, Muhmmad Karum | ||
| 245 |
_aZia-un-Nabi (P.B.U.H) (Vol. IV) _cMuhmmad Karum Shah |
||
| 260 |
_aLahore: _bZia-ul-Quran Publicatins, _c1992. |
||
| 300 |
_a854 _c25 cm. |
||
| 500 | _aIncludes Index | ||
| 650 | _aMuhammad (S.A.W.), Prophet | ||
| 942 |
_cBK _k297.092 SHA |
||
| 999 |
_c7038 _d7038 |
||